000 01131nam a2200289Ia 4500
003 OSt
005 20221005111901.0
006 a|||||r|||| 00| 0
007 ta
008 221004b |||||||| |||| 00| 0 san d
020 _a9788121803687 (hbk)
_c1800
024 _a25404
037 _b370, 08/03/2016, Eastern Book Linkers
_cTextual
040 _aCRL
_cCRL
_bsan
041 _2san
_asan
082 _aQ22:227, 152Q5
100 _aव्यास, कृष्णद्वैपायन
245 0 _aगरूड महापुराणम्
246 _aGarūḍ mahāpurāṇam
260 _aवाराणसी
_bचौखम्बा कृष्णदास अकादमी भारत
_c2015
300 _a1012पृ0
_ccm.
490 _aकृष्णदास संस्कृत सीरीज; 252
650 _aपुराण
700 _a राधिका रमण
942 _hQ22:227, 152Q5
_cTEXL
_2cc
999 _c1023188
_d1023188